书目信息 |
| 题名: |
狗与花椒树女王口述史
|
|
| 作者: | 王静文 著 | |
| 分册: | ||
| 出版信息: | 北京 北京联合出版公司 2019.03 |
|
| 页数: | 250页 | |
| 开本: | 20cm | |
| 丛书名: | ||
| 单 册: | ||
| 中图分类: | I247.57 | |
| 科图分类: | ||
| 主题词: | 长篇小说--chang pian xiao shuo--中国--当代 | |
| 电子资源: | ||
| ISBN: | 978-7-5596-2840-4 | |
| 000 | 01036nam0 2200253 450 | |
| 001 | 202019137897 | |
| 005 | 20191026133321.0 | |
| 010 | @a978-7-5596-2840-4@dCNY42.00 | |
| 100 | @a20191023d2019 em y0chiy50 ea | |
| 101 | 0 | @achi |
| 102 | @aCN@b110000 | |
| 105 | @ay z 000ay | |
| 106 | @ar | |
| 200 | 1 | @a狗与花椒树女王口述史@Agou yu hua jiao shu nv wang kou shu shi@d= You are my world@f王静文著@zeng |
| 210 | @a北京@c北京联合出版公司@d2019.03 | |
| 215 | @a250页@d20cm | |
| 314 | @a王静文, 前媒体工作者。 | |
| 330 | @a本书讲述了在狗狗泰山的陪伴下, 女主人公一丁最终不仅保护了她那岌岌可危的爱情, 也在婚姻生活中完成了自己的蜕变的故事。泰山守护自己的女主人, 给了一丁巨大的精神力量, 而它的死亡, 更是直接推动了一丁的蜕变和成长。当生活重新归于宁静和幸福, 一丁似乎与泰山又以另外一种方式重逢了。 | |
| 510 | 1 | @aYou are my world@zeng |
| 606 | 0 | @a长篇小说@Achang pian xiao shuo@y中国@z当代 |
| 690 | @aI247.57@v5 | |
| 701 | 0 | @a王静文@Awang jing wen@c(女)@4著 |
| 801 | 0 | @aCN@c20190905 |
| 905 | @a河南城建学院图书馆@dI247.57@eW237 | |
| 狗与花椒树女王口述史= You are my world/王静文著.-北京:北京联合出版公司,2019.03 |
| 250页;20cm |
| ISBN 978-7-5596-2840-4:CNY42.00 |
| 本书讲述了在狗狗泰山的陪伴下, 女主人公一丁最终不仅保护了她那岌岌可危的爱情, 也在婚姻生活中完成了自己的蜕变的故事。泰山守护自己的女主人, 给了一丁巨大的精神力量, 而它的死亡, 更是直接推动了一丁的蜕变和成长。当生活重新归于宁静和幸福, 一丁似乎与泰山又以另外一种方式重逢了。 |
| ● |
| 相关链接 |
|
|
|
正题名:狗与花椒树女王口述史
索取号:I247.57/W237
 
预约/预借
| 序号 | 登录号 | 条形码 | 馆藏地/架位号 | 状态 | 备注 |
| 1 | 1446914 | 214469145 | 文学库108/108文学库 52排2列2层/ [索取号:I247.57/W237] | 在馆 | |
| 2 | 1446915 | 214469154 | 文学库108/108文学库 52排2列2层/ [索取号:I247.57/W237] | 在馆 |